Building a winning sales team (Бичлэгийн дугаар. 145960)
| 000 -УДИРДЛАГА | |
|---|---|
| Удирдлага | 00952nam a22003017a 4500 |
| 003 - ХЯНАЛТЫН ТОО ТОДОРХОЙЛОГЧ | |
| Код | MN-UlNUM |
| 005 - БИЧИЛТ ХИЙСЭН ОГНОО | |
| Тухайн бичилтийг бичсэн засварласан сүүлийн огноо | 20251217141343.0 |
| 008 - ЕРӨНХИЙ МЭДЭЭЛЭЛ | |
| Ерөнхий мэдээлэл | 251217s1991 nyu||||| |||| 00| 0 eng | |
| 020 ## - ISBN | |
| ISBN | 1557382093 |
| 040 ## - БИЧЛЭГ ҮҮСГЭГЧ БАЙГУУЛЛАГА | |
| Бичлэг үүсгэгч номын сангийн код | МУИС-ийн номын сан |
| 084 ## - ББК АНГИЛАЛ | |
| Нэмэлт тусгалт | Бусад |
| ББК ангилал | 65.290-2 |
| Зохиогчийн гурван тэмдэгт | G 46 |
| Мэдлэгийн ялгаа | 65 - Эдийн засаг |
| 100 1# - ЗОХИОГЧ | |
| Зохиогчийн нэр | Gini Graham Scott |
| 245 10 - ҮНДСЭН ГАРЧИГ | |
| Номын нэр | Building a winning sales team |
| 246 ## - ЗЭРЭГЦЭЭ ГАРЧИГ | |
| Зэрэгцээ гарчиг | The Entrepreneur's Guide Series |
| 260 ## - ГАРАЛТЫН МЭДЭЭ | |
| Хэвлэгдсэн газар | New York: |
| Хэвлэлийн газар | Chicago, IIIionis |
| Хэвлэгдсэн он | 1991 |
| 300 ## - МАТЕРИАЛЫН ТОДОРХОЙЛОЛТ | |
| хуудасны тоо | 202p.: |
| 500 ## - Тайлбар | |
| Дансны дугаар | БС 4601 |
| 546 ## - ХЭЛНИЙ ТУХАЙ МЭДЭЭ | |
| Хэл | Англи хэл дээр, |
| 653 ## - Түлхүүр үг | |
| Түлхүүр үг | management |
| 653 ## - Түлхүүр үг | |
| Түлхүүр үг | providing support |
| 653 ## - Түлхүүр үг | |
| Түлхүүр үг | organizing |
| 740 ## - НОМЫН ГАРЧИГ | |
| Гарчиг | Setting Up a Sales Organization |
| 740 ## - НОМЫН ГАРЧИГ | |
| Гарчиг | Recruiting Salespeople: Outside Reps, sales brokers, or a sales Manager? |
| 740 ## - НОМЫН ГАРЧИГ | |
| Гарчиг | Recruiting Salespeople: Organizing Your Own Sales Team of In-House Salespeople or Independent Distributors |
| 740 ## - НОМЫН ГАРЧИГ | |
| Гарчиг | Orienting and Motivating Your Salespeople |
| 942 ## - ЭЛЕМЕНТИЙН ТӨРӨЛ | |
| Зүйлийн төрөл | Ном |
